| 000 | 00581nam a2200241 a 4500 | ||
|---|---|---|---|
| 001 | nice12345678 | ||
| 003 | IN_TiNIC | ||
| 005 | 20260116011554.0 | ||
| 008 | 050524s1958 lona grp 000 0 eng | ||
| 020 |
_a _c100 |
||
| 082 | 0 | 0 |
_a181.07 _bFAK |
| 100 | _aFakhry, M | ||
| 245 | _aIslamic Occasionalism | ||
| 260 |
_aLondon _bGeorge Allen and Unwin Ltd _c1958 |
||
| 300 | _a220p | ||
| 500 | _aincludes index and biblioraphy | ||
| 505 | 2 | _aBibliographt, Index | |
| 650 | _aPhilosophy-Islamic | ||
| 700 | 1 | _aFakhry, M | |
| 902 | _bSRS | ||
| 942 | _cBK | ||
| 999 |
_c2681 _d2681 |
||